000
00263nam a22001217a 4500
008
171226b xxu||||| |||| 00| 0 eng d
041
_a
eng
080
_a
33
100
_a
56
101
_a
ECO
245
_a
HOME ECONOMIC EVALUTION
_c
CROSS,A
942
_2
udc
_c
BK
999
_c
39405
_d
39405